Исследование рынка лития; Студенческий научный форум 2015

Λεπτομέρειες βιβλιογραφικής εγγραφής
Parent link:Студенческий научный форум 2015.— 2015.— [4 с.]
Κύριος συγγραφέας: Максименков Е. М. Евгений Михайлович
Συγγραφή απο Οργανισμό/Αρχή: Национальный исследовательский Томский политехнический университет (ТПУ) Физико-технический институт (ФТИ) Кафедра иностранных языков физико-технического института (ИЯФТ)
Άλλοι συγγραφείς: Провоторов М. В. Михаил Владимирович, Зяблова Н. Н. Наталия Николаевна
Περίληψη:Title screen
Настоящая статья рассматривает перспективы развития рынка лития. Множество литиевых продуктов удовлетворяет разнообразие конечного использования. На цены на главные литиевые продукты, потребляемые рынком, воздействуют широкие факторы мирового рынка.
This article examines the prospects for market development of lithium. Many lithium products satisfy variety of use. The global market factors effect on the price of the main lithium products, consumed by the market.
Γλώσσα:Αγγλικά
Έκδοση: 2015
Θέματα:
Διαθέσιμο Online:http://www.scienceforum.ru/2015/1356/9744
Μορφή: MixedMaterials Ηλεκτρονική πηγή Κεφάλαιο βιβλίου
KOHA link:https://koha.lib.tpu.ru/cgi-bin/koha/opac-detail.pl?biblionumber=641242

MARC

LEADER 00000naa0a2200000 4500
001 641242
005 20250314161846.0
035 |a (RuTPU)RU\TPU\network\6142 
035 |a RU\TPU\network\6111 
090 |a 641242 
100 |a 20150514d2015 k||y0rusy50 ca 
101 0 |a eng 
102 |a RU 
135 |a drcn ---uucaa 
181 0 |a i  
182 0 |a b 
200 1 |a Исследование рынка лития  |d Lithium Market Research  |f Е. М. Максименков, М. В. Провоторов, Н. Н. Зяблова 
203 |a Text  |c electronic 
300 |a Title screen 
320 |a [References.: 4 назв.] 
330 |a Настоящая статья рассматривает перспективы развития рынка лития. Множество литиевых продуктов удовлетворяет разнообразие конечного использования. На цены на главные литиевые продукты, потребляемые рынком, воздействуют широкие факторы мирового рынка. 
330 |a This article examines the prospects for market development of lithium. Many lithium products satisfy variety of use. The global market factors effect on the price of the main lithium products, consumed by the market. 
463 |t Студенческий научный форум 2015  |o VII Международная студенческая электронная научная конференция, 15 февраля - 31 марта  |v [4 с.]  |d 2015 
510 1 |a Lithium Market Research  |z eng 
610 1 |a электронный ресурс 
610 1 |a труды учёных ТПУ 
610 1 |a литий 
610 1 |a запасы 
700 1 |a Максименков  |b Е. М.  |g Евгений Михайлович 
701 1 |a Провоторов  |b М. В.  |g Михаил Владимирович 
701 1 |a Зяблова  |b Н. Н.  |c лингвист  |c доцент Томского политехнического университета, кандидат филологических наук  |f 1976-  |g Наталия Николаевна  |3 (RuTPU)RU\TPU\pers\32081  |9 16120 
712 0 2 |a Национальный исследовательский Томский политехнический университет (ТПУ)  |b Физико-технический институт (ФТИ)  |b Кафедра иностранных языков физико-технического института (ИЯФТ)  |3 (RuTPU)RU\TPU\col\18736 
801 2 |a RU  |b 63413507  |c 20150514  |g RCR 
856 4 |u http://www.scienceforum.ru/2015/1356/9744 
942 |c CF